La agresión laboral y la intención de abandono : evaluación del papel mediador de la satisfacción laboral (Record no. 160876)

MARC details
000 -CABECERA
campo de control de longitud fija 00710nab a2200229 a 4500
005 - FECHA Y HORA DE LA ÚLTIMA TRANSACCIÓN
campo de control 20210219161625.0
008 - ELEMENTOS DE LONGITUD FIJA--INFORMACIÓN GENERAL
campo de control de longitud fija 991125s1985 mx 000 0 spa u
035 ## - NÚMERO DE CONTROL DEL SISTEMA
Número de control de sistema UPN01000188773
100 1# - ASIENTO PRINCIPAL--NOMBRE PERSONAL
Nombre de persona Moreno Jiménez, Bernardo
222 ## - TÍTULO CLAVE
Título clave REVISTA MEXICANA DE PSICOLOGIA
245 ## - MENCIÓN DE TÍTULO
Título La agresión laboral y la intención de abandono : evaluación del papel mediador de la satisfacción laboral
300 ## - DESCRIPCIÓN FÍSICA
Extensión 125-135
362 0# - FECHAS DE PUBLICACIÓN Y/O DESIGNACIÓN SECUENCIAL
Fecha de publicación y/o designación secuencial 2012 Vol. 29, no. 2, jul.-dic.
653 0# - TERMINO DE INDIZACION - NO CONTROLADO
Término no controlado AGRESION LABORAL
653 0# - TERMINO DE INDIZACION - NO CONTROLADO
Término no controlado SATISFACCION LABORAL
653 0# - TERMINO DE INDIZACION - NO CONTROLADO
Término no controlado ABANDONO LABORAL
700 1# - ASIENTO SECUNDARIO--NOMBRE DE PERSONAL
Nombre de persona Díaz Gracia, Liliana,
700 1# - ASIENTO SECUNDARIO--NOMBRE DE PERSONAL
Término indicativo de función/relación coaut.
700 1# - ASIENTO SECUNDARIO--NOMBRE DE PERSONAL
Nombre de persona Garrosa Hernández, Eva,
700 1# - ASIENTO SECUNDARIO--NOMBRE DE PERSONAL
Término indicativo de función/relación coaut.
905 ## - TIPO DE MATERIAL
Tipo de material Articulo

No items available.